000
00287nam a2200121Ia 4500
008
190216s9999||||xx |||||||||||||| ||und||
100
_a
Sastry S S
245
0
_a
Engineering Mathematics
260
_b
Pentice Hall Of India
_c
1986
300
_a
462p
650
_a
Mathematics
942
_c
BK
999
_c
30969
_d
30969